| 000 | 01481nam a2200385 i 4500 | ||
|---|---|---|---|
| 001 | DIGDISANT0397 | ||
| 003 | NyNyDIG | ||
| 006 | m o d | ||
| 007 | cr ||||||||||| | ||
| 008 | 240315s2015 sp a ob 000 0 spa d | ||
| 035 | _a(OCoLC)1428328573 | ||
| 040 |
_aDGITA _beng _erda _epn _cDGITA |
||
| 020 |
_a9788499699547 _q(libro electrónico) |
||
| 020 |
_z9788479787776 _q(libro en papel) |
||
| 050 | 1 | 4 | _aRT85 ebook |
| 100 | 1 |
_aEseverri Chaverri, Cecilio, _eauthor. |
|
| 245 | 1 | 0 |
_aEnfermería facultativa : _breflexiones filosóficas-éticas / _cCecilio Eseverri Chaverri. |
| 264 | 1 |
_a[Madrid, España] : _bDíaz de Santos, _c2015. |
|
| 300 |
_a1 online resource : _billustrations. |
||
| 336 |
_atext _btxt _2rdacontent |
||
| 337 |
_acomputer _bc _2rdamedia |
||
| 338 |
_aonline resource _bcr _2rdacarrier |
||
| 347 |
_atext file _2rdaft |
||
| 347 | _bPDF | ||
| 504 | _aIncludes bibliographical references. | ||
| 588 | 0 | _aOnline resource; title from PDF title page (Digitalia, viewed March 15, 2024) | |
| 650 | 0 | _aNursing ethics. | |
| 650 | 0 |
_aNursing _xPhilosophy. |
|
| 776 | 0 | 8 |
_iPrint version: _aEseverri Chaverri, Cecilio. _tEnfermería facultativa. _d[Madrid, España] : Díaz de Santos, 2006 _z9788479787776 |
| 791 | 2 |
_aDigitalia (Firm), _edistributor. |
|
| 793 | 0 |
_gDigitalia eBook Collection: _aDíaz de Santos |
|
| 856 | 4 | 0 |
_3Digitalia Hispánica _uhttps://www.digitaliapublishing.com/a/136365/ |
| 910 | _aPremium collection: 2024 | ||
| 942 | _cRAA | ||
| 999 |
_c283948 _d283948 |
||